| 000 | 00000nas##2200000za#4500 |
| 001 | 9.511744 |
| 003 | CaOODSP |
| 005 | 20250313104923 |
| 007 | ta |
| 008 | 150406c2000||||xxc|| p #||||f| |0eng|d |
| 022 | |a1714-5899 |
| 040 | |aCaOODSP|beng |
| 041 | |aeng |
| 041 | |afre |
| 043 | |an-cn--- |
| 086 | 1 |aW91-2 |
| 110 | 1 |aCanada. |bNational Capital Commission. |
| 245 | 10|aNational Capital Commission - summary of the corporate plan |
| 260 | |aOttawa - Ontario : |bNational Capital Commission |
| 310 | |aAnnual |
| 362 | 1 |a[2000-01 to 2004-05?] -- |
| 500 | |aSome issues have a distinctive title. |
| 520 | 3 |aContains a profile of the Commission; a discussion of current strategic issues; and a list of the Commission’s objectives, strategies, and performance indicators. Includes financial statements. The Commission’s mission is to create pride and unity through Canada’s capital region. |
| 563 | |aSoftcover |
| 690 | 07|aNational Capital|2gcpds |
| 776 | 0#|tSummary of the corporate plan / |w(CaOODSP)9.505795 |
| 792 | |tCommission de la capitale nationale - résumé du plan d'entreprise |efre|w(CaOODSP)9.511745 |